000 00311nam a22001337a 4500
005 20240130115657.0
008 240130b |||||||| |||| 00| 0 eng d
020 _aNO
041 _aeng
245 _aA COMPENDIUM OF READINGS ON MANAGEMENT
260 _bSTEEL AUTHORITY OF INDIA
300 _e220;P
942 _cBK
999 _c8507
_d8505